Vzory spotrebiteľského správania a ekonomická kríza

Východiská pre skvalitňovanie skúmania správania spotrebiteľov a alternatívne námety na vytváranie marketingových stratégií malých a stredných firiem pri prenikaní na zahraničné trhy.

Uložené v:
Podrobná bibliografia
Hlavný autor: Knapik, Peter
Médium: Kapitola
Jazyk:Slovak
Predmet:
Tagy: Pridať tag
Žiadne tagy, Buďte prvý, kto otaguje tento záznam!

MARC

LEADER 00000naa a2200000 4500
001 0163799
005 20240502072841.3
041 0 |a slo 
044 |a SK 
245 1 0 |a Vzory spotrebiteľského správania a ekonomická kríza  |c Peter Knapik 
520 |a Východiská pre skvalitňovanie skúmania správania spotrebiteľov a alternatívne námety na vytváranie marketingových stratégií malých a stredných firiem pri prenikaní na zahraničné trhy. 
610 2 0 |a kríza hospodárska 
610 2 0 |a správanie spotrebiteľa 
610 2 0 |a stratégia marketingová 
610 2 0 |a podnik malý 
610 2 0 |a podnik stredný 
610 2 0 |a konkurencia 
610 2 0 |a marketing 
100 1 |a Knapik, Peter